The utilisation aspects of medical research in the non-government sector (Record no. 502125)

000 -LEADER
fixed length control field 00457cam a22001337a 4500
008 - FIXED-LENGTH DATA ELEMENTS--GENERAL INFORMATION
fixed length control field 180718b xxu||||| |||| 00| 0 eng d
082 ## - DEWEY DECIMAL CLASSIFICATION NUMBER
Classification number 011084x54 In2
100 ## - MAIN ENTRY--PERSONAL NAME
Personal name Pandse, C.S.
245 ## - TITLE STATEMENT
Title The utilisation aspects of medical research in the non-government sector
Statement of responsibility, etc. by C.S. Pandse
260 ## - PUBLICATION, DISTRIBUTION, ETC.
Place of publication, distribution, etc. New Delhi
Name of publisher, distributor, etc. Indian Institute of Public Administration
Date of publication, distribution, etc.
300 ## - PHYSICAL DESCRIPTION
Extent 48p.
650 ## - SUBJECT ADDED ENTRY--TOPICAL TERM
Topical term or geographic name entry element Medical costs - India
700 ## - ADDED ENTRY--PERSONAL NAME
Personal name Indian Institute of Public Administration
Holdings
Withdrawn status Lost status Damaged status Not for loan Permanent Location Current Location Date acquired Full call number Barcode Date last seen Price effective from Koha item type
        Indian Institute of Public Administration Indian Institute of Public Administration 2018-08-04 011084x54 In2 GR11042 2018-08-04 2018-08-04 GR

Powered by Koha